Science Quiz

Random Science Quiz
Score 0/134 Timer 12:00
0 Plays Today
% Correct
Carabidae
88%
Cerambycidae
80.4%
Curculionidae
76.1%
Buprestidae
73.9%
Chrysomelidae
72.8%
Cantharidae
70.7%
Scarabaeidae
70.7%
Elateridae
67.4%
Tenebrionidae
67.4%
Staphylinidae
65.2%
Hydrophilidae
64.1%
Coccinellidae
63%
Lucanidae
63%
Dytiscidae
62%
Dermestidae
60.9%
Geotrupidae
58.7%
Silphidae
58.7%
Lampyridae
53.3%
Histeridae
52.2%
Anthribidae
51.1%
Cleridae
51.1%
Gyrinidae
50%
Brentidae
49.2%
Meloidae
48.9%
Anobiidae
47.8%
Nitidulidae
47.8%
Elmidae
45.7%
Anthicidae
44.6%
Cucujidae
44.6%
Lycidae
44.6%
Apionidae
42.4%
Haliplidae
41.3%
Melyridae
41%
Belidae
41%
Bostrichidae
40.2%
Dryopidae
40.2%
Passalidae
39.3%
Attelabidae
39.1%
Eucnemidae
38%
Aderidae
37%
Byrrhidae
37%
Erotylidae
37%
Bruchidae
35.9%
Glaphyridae
35.9%
Hygrobiidae
35.9%
% Correct
Mordellidae
35.9%
Alleculidae
33.7%
Hydraenidae
33.7%
Malachiidae
33.7%
Jacobsoniidae
32.8%
Dasytidae
32.6%
Byturidae
31.5%
Endomychidae
31.5%
Ptiliidae
31.5%
Throscidae
31.1%
Caridae
31.1%
Corylophidae
30.4%
Georissidae
30.4%
Trogidae
30.4%
Colydiidae
29.3%
Heteroceridae
29.3%
Cryptophagidae
28.3%
ptilodactylidae
27.9%
Cisidae
27.2%
Leiodidae
27.2%
Melandryidae
27.2%
Mycetophagidae
27.2%
Silvanidae
27.2%
Eucinetidae
26.1%
Limnichidae
26.1%
Oedemeridae
26.1%
Ptinidae
26.1%
Scydmaenidae
26.1%
Platypodidae
25%
Micromalthidae
24.6%
Nemonychidae
24.6%
Pselaphidae
23.9%
Lagriidae
22.8%
Latridiidae
22.8%
Derodontidae
21.7%
Pyrochroidae
21.7%
Scirtidae
21.7%
Monotomidae
20.7%
Noteridae
20.7%
Clambidae
19.6%
Dascillidae
19.6%
Microsporidae
18.5%
Cupedidae
16.4%
agyrtidae
16.4%
Drilidae
16.3%
% Correct
Kateretidae
16.3%
Lyctidae
16.3%
Scraptiidae
16.3%
Rhipiphoridae
14.1%
Rhynchitidae
14.1%
Hybosoridae
13%
Salpingidae
13%
Prionoceridae
12.3%
Phalacridae
12%
Glaresidae
11.5%
Passandridae
10.9%
Trogositidae
10.9%
rhipiceridae
10.5%
crowsoniellidae
10.5%
Amphizoidae
9.8%
Hydrochidae
8.7%
Laemophloeidae
8.7%
Phengodidae
8.2%
Trachypachidae
8.2%
Cholevidae
7.6%
Nosodendridae
7.6%
Psephenidae
7.6%
Artematopodidae
7%
Callirhipidae
7%
Torridincolidae
6.6%
aspidytidae
6.6%
Brachypsectridae
6.6%
Leptinidae
6.5%
Pythidae
6.5%
Sphaeritidae
6.5%
Cerophytidae
5.4%
Colonidae
5.4%
Telegeusidae
4.9%
Ochodaeidae
4.3%
Phloiophilidae
4.3%
Meruidae
3.3%
lutrochidae
3.3%
Epimetopidae
3.3%
Micropeplidae
2.2%
Omalisidae
2.2%
Sphindidae
2.2%
decliniidae
1.8%
Rhysodidae
1.6%
Spercheidae
1.1%
Remove Ads.
Support Sporcle.
Get the best of Sporcle when you Go Orange. This ad-free experience offers more features, more stats, and more fun while also helping to support Sporcle. Thank you for becoming a member.

You're not logged in!

Compare scores with friends on all Sporcle quizzes.
OR
Log In

Show Comments

Extras

Created Nov 18, 2010ReportNominate
Tags:Family

Top Quizzes Today


Score Distribution

Your Account Isn't Verified!

In order to create a playlist on Sporcle, you need to verify the email address you used during registration. Go to your Sporcle Settings to finish the process.

Report this User

Report this user for behavior that violates our Community Guidelines.

Details: